Men and Women in Lord of the Rings and The Hobbit by Screen Time - Statistics

General Stats
  • This quiz has been taken 21 times
  • The average score is 9 of 19
Answer Stats
Total Screen Time in The Hobbit Total Screen Time in Lord of the Rings Answer % Correct
0 1 h 26 min 25 sec Aragorn
95%
0 27 min 15 sec Boromir
81%
0 28 min 30 sec Eowyn Eadig
71%
0 19 min 45 sec Faramir
71%
0 26 min 15 sec Theoden Ednew
67%
0 10 min 30 sec Denethor
62%
0 10 min 45 sec Eomer Eadig
57%
27 min 0 Bard the Bowman
52%
0 7 min 15 sec Grima Wormtongue
48%
4 min 15 sec 0 Bain
38%
0 2 min Hama
38%
0 2 min 30 sec Isildur
38%
0 4 min Gamling
33%
0 30 sec Barliman Butterbur
29%
0 15 sec Elendil
29%
6 min 30 sec 0 Master of Lake-town
29%
2 min 45 sec 0 Tilda
29%
11 min 0 Alfrid
24%
3 min 0 Sigrid
24%
No matching quizzes found
Score Distribution
Percent of People with Each Score
Percentile by Number Answered
Your Score History
You have not taken this quiz